00809nam a2200241 a 4500001001300000003000900013005001700022008004100039020001000080082001600090100002400106245007900130260004900209300003200258500003500290505004700325650002400372700002400396902000800420942000700428952011700435999001500552nice12345678IN_TiNIC20260116013012.0050524s1967 mica grp 000 0 eng  ac10000a225.52bLAW aLawson, J Gilchrist aNew Marked Reference Bubleb Includes the Finest Chain-Of-Reference System aMichigan bZondervan Publishing House c1967 a352p+hormony of gospel 92p. aincludes index and biblioraphy2 achain .of.Reference System for Bible Study aBible-New Testament1 aLawson, J Gilchrist bSRS cBK 001040708StackRoom-aHMIbHMId2007-06-19g100.00l0o225.52 LAWp012398r2007-06-19v100.00w2005-05-24yBK c9226d9226